00493nam a2200193 a 4500001001300000003000900013005001700022008004100039020001000080082001700090100002100107245003100128260003900159300000900198500003500207505001300242650002300255700002100278nice12345678IN_TiNIC20260116012622.0050524s1939 boma grp 000 0 eng  ac11000a297.822bDUM aDumasia, Naoroji aAga Khan and His Ancestors aBombaybTimes of India Pressc1939 a375p aincludes index and biblioraphy2 aAppendix aAga Khan-Biography1 aDumasia, Naoroji